00318nam a2200109Ia 4500008004100000082000800041100002100049245002200070942000600092952009500098999001500193240331s9999 xx 000 0 und d bSTE aSteel, Danielle  0aSpecial Delivery  cL 001040708LaWERCLbWERCLcSSCd2024-03-31l0o 823 STEp6798r2024-03-31w2024-03-31yL c5800d5800